Report of the Labor Force Survey 1985 Whole Kingdom. Round 1.

Saved in:
Bibliographic Details
Format: Book
Language:English
Published: Bangkok National Statistical Office 1985
Edition:1. ed.
Tags: Add Tag
No Tags, Be the first to tag this record!

MARC

LEADER 00000nam a2200000 4500
001 c034642
005 20221220082218.5
041 0 |a eng 
044 |a TH 
245 1 0 |a Report of the Labor Force Survey 1985  |b Whole Kingdom. Round 1. 
250 |a 1. ed. 
264 1 |a Bangkok  |b National Statistical Office  |c 1985 
300 |a 355 s.